LIBRARY & INFORMATION CENTRE, KCAET, TAVANUR

ONLINE PUBLIC ACCESS CATALOGUE (OPAC)

Methods fo statistical analysis / (Record no. 6204)

MARC details
000 -LEADER
fixed length control field 00399cam a2200157ua 4500
041 ## - LANGUAGE CODE
Language code of text/sound track or separate title eng
082 ## - DEWEY DECIMAL CLASSIFICATION NUMBER
Classification number 519.5
Item number GOU/ME
100 ## - MAIN ENTRY--AUTHOR NAME
Personal name Goulden, Cyril H .
245 ## - TITLE STATEMENT
Title Methods fo statistical analysis /
250 ## - EDITION STATEMENT
Edition statement 2 /
260 ## - PUBLICATION, DISTRIBUTION, ETC. (IMPRINT)
Place of publication Mumbai :
Name of publisher Asia Publishing House ,
Year of publication 1962.
300 ## - PHYSICAL DESCRIPTION
Number of Pages 467 ; .
942 ## - ADDED ENTRY ELEMENTS (KOHA)
Koha item type Books
Holdings
Withdrawn status Lost status Damaged status Home library Current library Date acquired Full call number Accession Number Koha item type
Withdrawn     KAUAET KAUAET 07/04/2012 519.5 GOU/ME 8174 Books
free website counter